Podnikové hospodárstvo pre manažérov /

Gespeichert in:
Bibliographische Detailangaben
Hauptverfasser: Majdúchová, Helena (Verfasst von), Rybárová, Daniela (Verfasst von)
Format: Buch
Veröffentlicht: 2019
Tags: Tag hinzufügen
Keine Tags, Fügen Sie das erste Tag hinzu!

MARC

LEADER 00000nam a22000003a 4500
001 0078671
003 SK-STU
005 20201216133718.9
007 ta
008 191217s ----xo-----e------000-0-----d
020 |a 978-80-571-0035-5 
040 |a STU  |b slo 
100 1 |a Majdúchová, Helena  |4 aut 
245 1 0 |a Podnikové hospodárstvo pre manažérov /  |c aut. Helena Majdúchová, Daniela Rybárová 
260 |c 2019 
700 1 |a Rybárová, Daniela  |4 aut 
996 |b 284M088276  |c M* 14281-1  |l MMST  |s A  |a 24  |w 0078671_0001 
996 |b 284M088544  |c M* 14281-2  |l MMST  |s A  |a 24  |w 0078671_0002